000 00932cam a2200265 i 4500
001 bg
003 KOSZ 005
005 20190930083155.0
008 951010s1995 pl f f |000 0 pol d
020 _a8385809120
040 _cKOSZ 005/HR
_aKOSZ 005/HR
_dKOSZ 005/HR
080 _a330.101.541
080 _a(075.8)
100 1 _aPróchnicki, Lech.
245 1 0 _aZrozumieć gospodarkę - makroekonomia /
_cLech Próchnicki ; Zachodniopomorska Szkoła Businessu.
250 _aWyd. 2 rozsz.
260 _aSzczecin :
_bWydaw. ZSB,
_c1995.
300 _aX, 464 s. :
_brys., wykr. ;
_c24 cm.
504 _aBibliogr. s. 464.
655 4 _aPodręczniki akademickie
650 4 _aMakroekonomia
710 2 _aZachodniopomorska Szkoła Businessu (Szczecin).
_bWydawnictwo.
_4pbl.
856 _uhttp://koha.tu.koszalin.pl/cgi-bin/koha/opac-detail.pl?biblionumber=32390
_yKatalog online BPK
942 _cKS
_2UKD
999 _c32390
_d32390